01337nam a2200277 a 450000100100000000500170001000800410002702000180006804000250008608200130011110000400012424501750016426000800033930000440041950000480046350000260051150400300053759000270056770000320059470000300062670000410065695201170069795201110081495201170092599900170104200004895920201002061537.0190425s2015 dr bcd 000 0 spa d a9789945894110 aDO-SdBNPbspacBNPHU axxxbxxx1 aGómez Valenzuela, Víctor97405610aValor de los ecosistemas protegidos de la República Dominicana /cVíctor Gómez Valenzuela, Francisco Alízar, Solhanlle Bonilla ; prólogo Bautista Rojas Gómez. aSanto Domingo, :bMinisterio de Medio Ambiente y Recursos Naturales,c2015. a213 p. :bmapa, retr., diagr. ;c28 cm. aIncluye datos biografícos de los autores. aIncluye infografías aBibliografía p: 181-193 aInventariado, 2019/ YL12aAlpízar, Francisco97638712aBonilla, Solhanlle97638812aRojas Gómez, Bautistaeprol.91410 0010718DSaGRbGRcCTd2019-05-07iLF1l0oxxx xxxp48959-30r2020-06-25te. 3w2020-06-25yLFDSZNo se presta 0010718PDaPDbPDcCTd2019-05-07iLF1l0oxxx xxxp48959-10r2020-06-25w2020-06-25yLFPDZNo se presta 0010718PDaPDbPDcCTd2019-05-07iLF1l0oxxx xxxp48959-20r2020-06-25te. 2w2020-06-25yLFPDZNo se presta c48447d48447